书目信息 |
| 题名: |
屈赋音注详解
|
|
| 作者: | 刘永济 校释 | |
| 分册: | ||
| 出版信息: | 上海 上海古籍出版社 1983.9 |
|
| 页数: | 444页 | |
| 开本: | 20cm | |
| 丛书名: | ||
| 单 册: | ||
| 中图分类: | I222.4 | |
| 科图分类: | ||
| 主题词: | 赋 , 赋比兴 , 汉赋 | |
| 电子资源: | ||
| ISBN: | ||
| 000 | 00559nam0 2200217 45 | |
| 001 | 0312221749 | |
| 005 | 20050406165754.3 | |
| 010 | @dCNY1.65 | |
| 100 | @a20031222d1983 km y0chiy0120 ea | |
| 101 | @achi | |
| 105 | @a z 000yy | |
| 200 | 1 | @a屈赋音注详解@AQu Fu Yin Zhu Xiang Jie@f刘永济校释@FLiu Yong Ji Xiao Shi |
| 210 | @a上海@c上海古籍出版社@d1983.9 | |
| 215 | @a444页@d20cm | |
| 606 | 0 | @a赋 |
| 606 | 0 | @a赋比兴 |
| 606 | 0 | @a汉赋 |
| 690 | @aI222.4@v3 | |
| 701 | 0 | @a刘永济@4校释 |
| 801 | @aCN@bTSTCL@c20031222 | |
| 905 | @dI222.4@e189@b177317@f1 | |
| 屈赋音注详解/刘永济校释.-上海:上海古籍出版社,1983.9 |
| 444页;20cm |
| ISBN :CNY1.65 |
| ● |
| 相关链接 |
|
|
|
|
正题名:屈赋音注详解
索取号:I222.4/189
 
预约/预借
| 序号 | 登录号 | 条形码 | 馆藏地/架位号 | 状态 | 备注 |
| 1 | 0119440 | 001805318 | 密集书库/ [索取号:I222.4/189] | 在馆 | |
| 2 | 0119441 | 001805363 | 密集书库/ [索取号:I222.4/189] | 在馆 | |
| 3 | 0119442 | 000973851 | 第二借阅区/ [索取号:I222.4/189] | 在馆 | |
| 4 | 0119443 | 001805354 | 密集书库/ [索取号:I222.4/189] | 在馆 | |
| 5 | 0119444 | 001973868 | 密集书库/ [索取号:I222.4/189] | 在馆 | |
| 6 | 0177316 | 000973815 | 密集书库/ [索取号:I222.4/189] | 在馆 | |
| 7 | 0177317 | 001985962 | 第二借阅区/ [索取号:I222.4/189] | 在馆 | |
| 8 | 0177381 | 000973824 | 第一样本阅览室/ [索取号:I222.4/189] | 在馆 | |
| 9 | 0177705 | 001805425 | 密集书库/ [索取号:I222.4/189] | 在馆 | |
| 10 | 0177706 | 000973780 | 第二借阅区/ [索取号:I222.4/189] | 在馆 |